000 00346nam a2200145Ia 4500
008 150201s2012 xx 000 0 und d
082 _a616.8
_bN12L
100 _aLEZAK , MUNEL D.
245 _aNEUROPSYCHOLOGICAL ASSESSMENT
250 _a5TH
260 _bOXFORD
_aNEW YORK
_c2012
300 _a1-1161
650 _aPSYCHOLOGY
942 _2ddc
_cBK
999 _c1575
_d1575